[Event "Chessable Masters Play In"]
[Site "Chess.com INT"]
[Date "2024.01.31"]
[Round "6"]
[White "Samadov, Read"]
[Black "Khanin, Semen"]
[Result "1-0"]
[WhiteElo "2502"]
[BlackElo "2558"]
[PlyCount "49"]
[EventDate "2024.01.31"]
[EventType "swiss (rapid)"]
[EventRounds "9"]
[EventCountry "USA"]
[SourceTitle "CB06_2024"]
[SourceDate "2024.02.07"]
[SourceVersion "1"]
[SourceVersionDate "2024.02.07"]
[SourceQuality "1"]

1. Nf3 d5 2. g3 g6 3. Bg2 Bg7 4. d4 Nf6 5. 0-0 0-0 6. c4 c6 7. a4 Ne4 8. Nc3 Nxc3 9. bxc3 dxc4 10. Ba3 Re8 11. Nd2 Be6 12. Rb1 Qc7 13. e4 Nd7 14. d5 cxd5 15. exd5 Bf5 16. d6 exd6 17. Rxb7 Qa5 18. Nxc4 Qxc3 19. Nxd6 Qxa3 20. Nxf5 Nc5 21. Nxg7 Red8 22. Qg4 Kxg7 23. Rc7 Rab8 24. Qf4 Nd7 25. Rxd7 1-0

[Event "Chessable Masters Play In"]
[Site "Chess.com INT"]
[Date "2024.01.31"]
[Round "9"]
[White "Samadov, Read"]
[Black "Kosteniuk, Alexandra"]
[Result "1-0"]
[WhiteElo "2502"]
[BlackElo "2501"]
[PlyCount "135"]
[EventDate "2024.01.31"]
[EventType "swiss (rapid)"]
[EventRounds "9"]
[EventCountry "USA"]
[SourceTitle "CB06_2024"]
[SourceDate "2024.02.07"]
[SourceVersion "1"]
[SourceVersionDate "2024.02.07"]
[SourceQuality "1"]

1. d4 f5 2. Nc3 Nf6 3. Bg5 d5 4. Bxf6 exf6 5. e3 Be6 6. Bd3 Qd7 7. Nce2 Nc6 8. a3 Bd6 9. Nf3 Ne7 10. h4 0-0-0 11. Rc1 Kb8 12. b4 Rdg8 13. Qd2 g5 14. hxg5 fxg5 15. Rh6 Rg6 16. Rh5 h6 17. Ne5 Bxe5 18. dxe5 Nc6 19. Bb5 a6 20. Bxc6 Qxc6 21. Nd4 Qe8 22. Rb1 Bd7 23. Qc3 Rh7 24. Rh2 f4 25. Kd2 Rf7 26. Re1 Qf8 27. f3 Re7 28. Rhh1 Qg7 29. exf4 gxf4 30. Kc1 Rxg2 31. Kb2 Ba4 32. Rh5 Rg5 33. Nf5 Rxf5 34. Rxf5 b6 35. Rxf4 h5 36. e6 Qh7 37. Re2 Kb7 38. Qd3 Qg7+ 39. Qd4 Qxd4+ 40. Rxd4 Kc6 41. f4 Kd6 42. f5 Be8 43. c4 c6 44. Red2 Ke5 45. cxd5 cxd5 46. Rxd5+ Kf6 47. R2d4 Rh7 48. Rd8 Ba4 49. Rf8+ Ke5 50. Rf7 Rh8 51. Rh4 Rg8 52. e7 Rg2+ 53. Kc3 Rg3+ 54. Kd2 Rg2+ 55. Ke3 Rg3+ 56. Kf2 Rg5 57. Rf8 Rxf5+ 58. Rxf5+ Kxf5 59. Rxh5+ Kf6 60. Rh6+ Kxe7 61. Rxb6 Bb5 62. Ke3 Kd7 63. Kd4 Bf1 64. Kc5 Kc7 65. Rf6 Be2 66. Rf7+ Kb8 67. Kb6 Kc8 68. Ra7 1-0

[Event "EU-Cup 38th"]
[Site "Durres"]
[Date "2023.10.06"]
[Round "6.5"]
[White "Anton Guijarro, David"]
[Black "Samadov, Read"]
[Result "1/2-1/2"]
[WhiteElo "2653"]
[BlackElo "2492"]
[PlyCount "80"]
[EventDate "2023.10.01"]
[EventType "team-swiss"]
[EventRounds "7"]
[EventCountry "ALB"]
[SourceTitle "EXT 2024"]
[Source "ChessBase"]
[SourceDate "2023.10.10"]
[SourceVersion "1"]
[SourceVersionDate "2023.10.10"]
[SourceQuality "1"]
[WhiteTeam "Novy Bor"]
[BlackTeam "Vugar Gashimov"]
[WhiteTeamCountry "CZE"]
[BlackTeamCountry "AZE"]

1. e4 c5 2. Nf3 d6 3. Bb5+ Nd7 4. Ba4 Ngf6 5. 0-0 e6 6. d3 Be7 7. c4 0-0 8. Nc3 Ne5 9. Ne1 Bd7 10. Bxd7 Qxd7 11. f4 Nc6 12. g4 Ne8 13. f5 Bf6 14. Nf3 Ne5 15. g5 Nxf3+ 16. Qxf3 Bxc3 17. bxc3 exf5 18. Qxf5 Qe7 19. Rb1 b6 20. Rb2 Nc7 21. Rbf2 a6 22. a4 Rab8 23. h4 b5 24. axb5 axb5 25. cxb5 Rxb5 26. Qg4 Qe6 27. Qg3 Rbb8 28. Rf6 Qb3 29. c4 Ne6 30. R6f2 Qc3 31. Bf4 Nxf4 32. Rxf4 Rb3 33. R4f3 Qe5 34. Kg2 Rb2+ 35. R1f2 Rxf2+ 36. Rxf2 f6 37. Qxe5 dxe5 38. Ra2 Rd8 39. gxf6 Rxd3 40. fxg7 Kxg7 1/2-1/2

[Event "AI Cup Play In"]
[Site "Chess.com INT"]
[Date "2023.09.18"]
[Round "4"]
[White "Quintiliano Pinto, Renato Rodrigues"]
[Black "Samadov, Read"]
[Result "1-0"]
[WhiteElo "2500"]
[BlackElo "2492"]
[PlyCount "117"]
[EventDate "2023.09.18"]
[EventType "swiss (rapid)"]
[EventRounds "9"]
[EventCountry "USA"]
[SourceTitle "EXT 2024"]
[Source "ChessBase"]
[SourceDate "2023.10.10"]
[SourceVersion "1"]
[SourceVersionDate "2023.10.10"]
[SourceQuality "1"]

1. d4 Nf6 2. c4 g6 3. Nc3 Bg7 4. e4 d6 5. Nf3 0-0 6. Be2 e5 7. 0-0 h6 8. Qc2 Nc6 9. d5 Nd4 10. Nxd4 exd4 11. Nb5 Re8 12. Nxd4 Nxe4 13. Be3 Bd7 14. Rad1 a5 15. b3 a4 16. b4 a3 17. Qc1 Kh7 18. Bd3 Qh4 19. c5 Nf6 20. Nf3 Qxb4 21. cxd6 cxd6 22. Bd4 Bg4 23. Qf4 Bxf3 24. Qxf3 Re5 25. Bxe5 dxe5 26. Rfe1 e4 27. Bxe4 Re8 28. d6 Rxe4 29. Rxe4 Nxe4 30. d7 Ng5 31. Qd3 Bf6 32. d8Q Bxd8 33. Qxd8 Qg4 34. Qd5 b5 35. Kf1 Qf4 36. g3 Qg4 37. h4 Ne6 38. Re1 Qb4 39. Re4 Qb2 40. Re2 Qb1+ 41. Kg2 b4 42. Re3 Qc1 43. Rf3 Qc7 44. Qe4 Qe7 45. Qc4 Kg7 46. Re3 Qb7+ 47. Kh2 g5 48. h5 Qb6 49. Qe4 Qb8 50. Rf3 Qb6 51. Qf5 Qc7 52. Qf6+ Kg8 53. Rd3 Qc6 54. Rf3 Qd7 55. Qxh6 Qd5 56. Qf6 g4 57. Rf5 Qd7 58. h6 Kh7 59. Rg5 1-0

[Event "AI Cup Play In"]
[Site "Chess.com INT"]
[Date "2023.09.18"]
[Round "6"]
[White "Samadov, Read"]
[Black "Karthik, Venkataraman"]
[Result "0-1"]
[WhiteElo "2492"]
[BlackElo "2563"]
[PlyCount "112"]
[EventDate "2023.09.18"]
[EventType "swiss (rapid)"]
[EventRounds "9"]
[EventCountry "USA"]
[SourceTitle "EXT 2024"]
[Source "ChessBase"]
[SourceDate "2023.10.10"]
[SourceVersion "1"]
[SourceVersionDate "2023.10.10"]
[SourceQuality "1"]

1. Nf3 Nf6 2. c4 g6 3. Nc3 Bg7 4. e4 d6 5. d4 0-0 6. Be2 Na6 7. 0-0 e5 8. Be3 Ng4 9. Bg5 f6 10. Bh4 g5 11. Bg3 Nh6 12. h3 Kh8 13. Rc1 Bd7 14. a3 Nb8 15. c5 Nc6 16. cxd6 cxd6 17. Nb5 Nf7 18. h4 a6 19. Nc3 g4 20. Nh2 Nxd4 21. Bxg4 f5 22. exf5 Nxf5 23. Ne4 Be6 24. Kh1 N7h6 25. Be2 Nd4 26. Ng5 Bb3 27. Qd3 Bg8 28. Nhf3 Ndf5 29. Rcd1 Rc8 30. Bh2 Qe8 31. Qe4 Rc6 32. g4 Ne7 33. Rg1 d5 34. Qb4 e4 35. Nd4 Rxf2 36. Nxc6 Nxc6 37. Qe1 Rf6 38. Nh3 Rf8 39. Rf1 d4 40. g5 Nf5 41. Rg1 d3 42. Bxd3 exd3 43. Rxd3 Qf7 44. Nf4 Ncd4 45. g6 Qc4 46. Rg2 Bd5 47. Nxd5 Qxd3 48. gxh7 Nxh4 49. Qxh4 Nf3 50. Qe7 Qb1+ 51. Bg1 Qxh7+ 52. Bh2 Rg8 53. Nf6 Qb1+ 54. Bg1 Nxg1 55. Rxg7 Nf3+ 56. Kg2 Rxg7+ 0-1

[Event "Biel HTO 56th"]
[Site "Biel"]
[Date "2023.07.25"]
[Round "8"]
[White "Weishaeutel, Moritz"]
[Black "Samadov, Read"]
[Result "0-1"]
[WhiteElo "2442"]
[BlackElo "2482"]
[PlyCount "54"]
[EventDate "2023.07.17"]
[EventType "swiss"]
[EventRounds "10"]
[EventCountry "SUI"]
[SourceTitle "CBM 215 Extra"]
[Source "ChessBase"]
[SourceDate "2023.09.30"]
[SourceVersion "1"]
[SourceVersionDate "2023.09.30"]
[SourceQuality "1"]

1. e4 c5 2. Nf3 d6 3. d4 cxd4 4. Nxd4 Nf6 5. Nc3 a6 6. f3 e5 7. Nb3 Be6 8. Be3 Be7 9. Qd2 Nbd7 10. g4 0-0 11. 0-0-0 b5 12. g5 b4 13. Ne2 Nh5 14. Ng3 a5 15. Nxh5 a4 16. Na1 Bxa2 17. b3 axb3 18. cxb3 Rc8+ 19. Bc4 Rxc4+ 20. bxc4 Qa5 21. Nc2 Rb8 22. Qd5 Qa4 23. Kb2 Rc8 24. Ra1 Qb3+ 25. Kc1 Rxc4 26. Qd2 Qa4 27. Kb2 Rxc2+ 0-1

[Event "Aimchess Rapid Div 3 W"]
[Site "Chess.com INT"]
[Date "2023.07.10"]
[Round "2.1"]
[White "Samadov, Read"]
[Black "Yu, Yangyi"]
[Result "0-1"]
[WhiteElo "2482"]
[BlackElo "2735"]
[PlyCount "80"]
[EventDate "2023.07.10"]
[EventType "k.o. (rapid)"]
[EventRounds "7"]
[EventCountry "USA"]
[SourceTitle "CBM 215 Extra"]
[Source "ChessBase"]
[SourceDate "2023.09.30"]
[SourceVersion "1"]
[SourceVersionDate "2023.09.30"]
[SourceQuality "1"]

1. d4 Nf6 2. c4 e6 3. Nf3 h6 4. g3 Bb4+ 5. Bd2 Be7 6. Bg2 d5 7. Qc2 c6 8. 0-0 0-0 9. Bf4 Nbd7 10. Rd1 a5 11. Nc3 dxc4 12. Nd2 Nb6 13. e4 a4 14. a3 Bd7 15. Re1 Re8 16. Rad1 Qc8 17. Nf3 c5 18. d5 exd5 19. exd5 Bf5 20. Qc1 Bf8 21. Ne5 Ng4 22. d6 Nxe5 23. Bxe5 Bd3 24. Nb5 Qf5 25. Qf4 Qxf4 26. Bxf4 g5 27. Be3 Ra5 28. Bxb7 Rxb5 29. Bc6 Rxe3 30. Rxe3 Rxb2 31. d7 Nxd7 32. Bxd7 Bc2 33. Rd5 c3 34. Re8 Kg7 35. Re1 Bb3 36. Rde5 Rd2 37. Bf5 c2 38. Rc1 c4 39. Ree1 Bxa3 40. Ra1 Bb2 0-1

[Event "Aimchess Rapid Div 3 W"]
[Site "Chess.com INT"]
[Date "2023.07.10"]
[Round "2.2"]
[White "Yu, Yangyi"]
[Black "Samadov, Read"]
[Result "1-0"]
[WhiteElo "2735"]
[BlackElo "2482"]
[PlyCount "129"]
[EventDate "2023.07.10"]
[EventType "k.o. (rapid)"]
[EventRounds "7"]
[EventCountry "USA"]
[SourceTitle "CBM 215 Extra"]
[Source "ChessBase"]
[SourceDate "2023.09.30"]
[SourceVersion "1"]
[SourceVersionDate "2023.09.30"]
[SourceQuality "1"]

1. d4 Nf6 2. Nf3 g6 3. Nbd2 Bg7 4. e4 d6 5. Bd3 0-0 6. 0-0 Nc6 7. d5 Nb4 8. Be2 e6 9. a3 Na6 10. dxe6 Bxe6 11. Re1 Nc5 12. Bf1 Re8 13. h3 c6 14. Rb1 Bd7 15. e5 dxe5 16. Nxe5 Be6 17. Ndf3 Qxd1 18. Rxd1 Bf5 19. Nd3 Rad8 20. Nfe1 Nxd3 21. Bxd3 Bxd3 22. Nxd3 Nd5 23. Bg5 f6 24. Bd2 f5 25. Kf1 Kf7 26. Re1 Nb6 27. b3 Nd5 28. Rxe8 Rxe8 29. Re1 Rd8 30. Nc5 b5 31. Ne6 Ra8 32. Nxg7 Kxg7 33. c4 bxc4 34. bxc4 Nb6 35. Re7+ Kf6 36. Rc7 Rc8 37. Rxh7 Nxc4 38. Bc3+ Ke6 39. Rxa7 Rb8 40. Bb4 Rb5 41. Rc7 Kd5 42. Rd7+ Ke6 43. Rd4 Ne5 44. Rd6+ Kf7 45. f4 c5 46. Rd5 Nc4 47. Rxc5 Ne3+ 48. Kf2 Rxc5 49. Bxc5 Nc4 50. Ke2 Ke6 51. a4 Kd5 52. Bb4 Ke4 53. g3 Kd5 54. a5 Kc6 55. Bc3 Kb5 56. Kd3 Nd6 57. Kd4 Ne4 58. Be1 Nc5 59. g4 fxg4 60. hxg4 Nd7 61. g5 Nc5 62. Kd5 Nd3 63. Bd2 Nf2 64. Ke5 Ng4+ 65. Ke6 1-0

[Event "Titled Tuesday intern op 04th Jul Early"]
[Site "Chess.com INT"]
[Date "2023.07.04"]
[Round "2"]
[White "Lisenkov, Svyatoslav"]
[Black "Samadov, Read"]
[Result "0-1"]
[WhiteElo "2137"]
[BlackElo "2482"]
[PlyCount "106"]
[EventDate "2023.07.04"]
[EventType "swiss (blitz)"]
[EventRounds "11"]
[EventCountry "USA"]
[SourceTitle "EXT 2024"]
[Source "ChessBase"]
[SourceDate "2023.10.10"]
[SourceVersion "1"]
[SourceVersionDate "2023.10.10"]
[SourceQuality "1"]

1. e4 c5 2. Nf3 d6 3. d4 cxd4 4. Nxd4 Nf6 5. Nc3 a6 6. Be2 e5 7. Nb3 Be7 8. 0-0 0-0 9. Qd3 Be6 10. Bd2 Nbd7 11. Nd5 Bxd5 12. exd5 Rc8 13. Rac1 Re8 14. c4 b6 15. a4 a5 16. Na1 Nc5 17. Qc2 Qd7 18. b3 Nfe4 19. Be3 f5 20. Bd3 Nxd3 21. Qxd3 Nc5 22. Bxc5 bxc5 23. Nc2 e4 24. Qg3 Bf6 25. Rfd1 Be5 26. f4 Bf6 27. Ne3 Rb8 28. Rb1 Rb6 29. Qh3 Bd4 30. Kh1 g6 31. Nc2 Bf6 32. Qe3 Reb8 33. h3 Qb7 34. Na1 Bxa1 35. Rxa1 Rxb3 36. Qe1 Qb4 37. Qh4 Qb7 38. Qf6 Qd7 39. Re1 Rf8 40. Qh4 Rb2 41. Rab1 Rfb8 42. Rxb2 Rxb2 43. Qf6 Rb4 44. g4 Rxc4 45. gxf5 Qxf5 46. Qd8+ Kg7 47. Qe7+ Kh6 48. Qh4+ Qh5 49. Qf6 Qxh3+ 50. Kg1 Qg3+ 51. Kf1 Rc2 52. Qf8+ Kh5 53. Re2 Rc1+ 0-1

[Event "Titled Tuesday intern op 04th Jul Early"]
[Site "Chess.com INT"]
[Date "2023.07.04"]
[Round "7"]
[White "Nihal, Sarin"]
[Black "Samadov, Read"]
[Result "1-0"]
[WhiteElo "2688"]
[BlackElo "2482"]
[PlyCount "55"]
[EventDate "2023.07.04"]
[EventType "swiss (blitz)"]
[EventRounds "11"]
[EventCountry "USA"]
[SourceTitle "EXT 2024"]
[Source "ChessBase"]
[SourceDate "2023.10.10"]
[SourceVersion "1"]
[SourceVersionDate "2023.10.10"]
[SourceQuality "1"]

1. d4 Nf6 2. Nf3 g6 3. Nbd2 d5 4. b3 Bg7 5. Bb2 0-0 6. e3 b6 7. c4 c6 8. Bd3 Bb7 9. 0-0 Nbd7 10. cxd5 cxd5 11. Rc1 Rc8 12. Qe2 Rxc1 13. Rxc1 Qb8 14. Ba3 Re8 15. Bb5 Bf8 16. Ne5 Rd8 17. Ndf3 e6 18. Bxf8 Kxf8 19. g4 Nxe5 20. Nxe5 Kg7 21. Qf3 Rf8 22. g5 Ne4 23. Nd7 Qd8 24. Nxf8 Kxf8 25. h4 Kg7 26. Qf4 a6 27. Rc7 Qf8 28. Bd7 1-0

[Event "Titled Tuesday intern op 04th Jul Early"]
[Site "Chess.com INT"]
[Date "2023.07.04"]
[Round "1"]
[White "Samadov, Read"]
[Black "Eynullayev, Atilla Elshan"]
[Result "1-0"]
[WhiteElo "2482"]
[BlackElo "2281"]
[PlyCount "95"]
[EventDate "2023.07.04"]
[EventType "swiss (blitz)"]
[EventRounds "11"]
[EventCountry "USA"]
[SourceTitle "EXT 2024"]
[Source "ChessBase"]
[SourceDate "2023.10.10"]
[SourceVersion "1"]
[SourceVersionDate "2023.10.10"]
[SourceQuality "1"]

1. d4 Nf6 2. c4 e6 3. Nc3 Bb4 4. Qc2 0-0 5. a3 Bxc3+ 6. Qxc3 b6 7. Bg5 c5 8. dxc5 bxc5 9. e3 d6 10. Rd1 Nbd7 11. Nf3 Qe7 12. Be2 a5 13. 0-0 Ba6 14. Qd2 Rfb8 15. h3 a4 16. Bf4 e5 17. Bg5 Rb6 18. Qc2 Bb7 19. Nh4 h6 20. Nf5 Qe6 21. Bxf6 Nxf6 22. Ng3 Rb3 23. Rd2 Ra6 24. Rfd1 Rab6 25. Bd3 e4 26. Be2 Ba6 27. Qc1 Qe5 28. Qc2 h5 29. Rb1 g6 30. Bf1 Qe6 31. Ne2 Qxc4 32. Qd1 Qe6 33. Nf4 Qe5 34. Bxa6 Rxa6 35. Qc2 Rab6 36. Qc4 g5 37. Nd5 Nxd5 38. Rxd5 Qf6 39. Qxa4 Rxb2 40. Rf1 Rb1 41. Qxe4 Rxf1+ 42. Kxf1 Rb2 43. Rf5 Qg6 44. g4 hxg4 45. hxg4 Kg7 46. Qe7 Kh6 47. Rf6 Rb1+ 48. Kg2 1-0

[Event "Titled Tuesday intern op 04th Jul Early"]
[Site "Chess.com INT"]
[Date "2023.07.04"]
[Round "9"]
[White "Suyarov, Mukhammadzokhid"]
[Black "Samadov, Read"]
[Result "1-0"]
[WhiteElo "2366"]
[BlackElo "2482"]
[PlyCount "55"]
[EventDate "2023.07.04"]
[EventType "swiss (blitz)"]
[EventRounds "11"]
[EventCountry "USA"]
[SourceTitle "EXT 2024"]
[Source "ChessBase"]
[SourceDate "2023.10.10"]
[SourceVersion "1"]
[SourceVersionDate "2023.10.10"]
[SourceQuality "1"]

1. d4 Nf6 2. Nc3 g6 3. e4 d6 4. f4 Bg7 5. Bd3 0-0 6. Nf3 c5 7. dxc5 dxc5 8. e5 Nd5 9. Nxd5 Qxd5 10. Qe2 Be6 11. Ng5 Nc6 12. Be4 Qd7 13. Nxe6 Qxe6 14. 0-0 Rad8 15. c3 f6 16. f5 gxf5 17. Bxf5 Qf7 18. exf6 Qxf6 19. Be6+ Kh8 20. Rxf6 exf6 21. Bf4 Rfe8 22. Qg4 Ne7 23. Rf1 Rd3 24. Qh5 Red8 25. Bb3 Ng6 26. Bh6 Bxh6 27. Qxh6 R3d6 28. Bc2 1-0

[Event "Titled Tuesday intern op 27th Jun Early"]
[Site "Chess.com INT"]
[Date "2023.06.27"]
[Round "3"]
[White "Samadov, Read"]
[Black "Preotu, Razvan"]
[Result "0-1"]
[WhiteElo "2482"]
[BlackElo "2475"]
[PlyCount "70"]
[EventDate "2023.06.27"]
[EventType "swiss (blitz)"]
[EventRounds "11"]
[EventCountry "USA"]
[SourceTitle "EXT 2024"]
[Source "ChessBase"]
[SourceDate "2023.10.10"]
[SourceVersion "1"]
[SourceVersionDate "2023.10.10"]
[SourceQuality "1"]

1. d4 Nf6 2. c4 g6 3. Nc3 d5 4. cxd5 Nxd5 5. e4 Nxc3 6. bxc3 Bg7 7. Bc4 c5 8. Ne2 Nc6 9. Be3 0-0 10. 0-0 b6 11. h4 e5 12. Bd5 Bb7 13. dxc5 Qxh4 14. cxb6 axb6 15. Bxb6 Rac8 16. a4 Ba6 17. Re1 Ne7 18. c4 Nxd5 19. cxd5 Qxe4 20. d6 Bb7 21. f3 Qh4 22. d7 Ra8 23. Rc1 e4 24. f4 e3 25. Bxe3 Qg4 26. Ng3 Qxg3 27. Qd2 Rfd8 28. Rc2 Rxd7 29. Qe2 Bxg2 30. Bf2 Qh3 31. Bc5 Bf3 32. Qh2 Qg4+ 33. Kf2 Rad8 34. Be3 Bd4 35. Qh6 Qg2# 0-1

[Event "Chess.com U20 Speed"]
[Site "Chess.com INT"]
[Date "2023.06.14"]
[Round "1.1"]
[White "Sadhwani, Raunak"]
[Black "Samadov, Read"]
[Result "1/2-1/2"]
[WhiteElo "2603"]
[BlackElo "2482"]
[PlyCount "123"]
[EventDate "2023.06.13"]
[EventType "k.o. (blitz)"]
[EventRounds "3"]
[EventCountry "USA"]
[SourceTitle "CBM 214 Extra"]
[Source "ChessBase"]
[SourceDate "2023.07.31"]
[SourceVersion "1"]
[SourceVersionDate "2023.07.31"]
[SourceQuality "1"]

1. e4 c5 2. Nc3 d6 3. f4 Nc6 4. Bb5 Bd7 5. Nf3 g6 6. 0-0 Bg7 7. d3 Nf6 8. Bxc6 Bxc6 9. Qe1 b5 10. a3 a5 11. Qh4 b4 12. Nd1 Qd7 13. Ne3 0-0 14. f5 Bb7 15. g4 d5 16. e5 d4 17. exf6 Bxf6 18. g5 dxe3 19. gxf6 e2 20. Re1 Bxf3 21. fxe7 Rfe8 22. f6 Qg4+ 23. Qxg4 Bxg4 24. Kg2 Ra6 25. h3 Bh5 26. axb4 cxb4 27. Bh6 Rxf6 28. Rxa5 Rc6 29. Kf2 f6 30. Bf8 Rxc2 31. d4 Rd2 32. d5 Kf7 33. Rb5 Rd1 34. b3 Bf3 35. d6 Bh5 36. Rb6 Ke6 37. Rxe2+ Bxe2 38. d7+ Kxd7 39. Kxe2 Rd6 40. Rxb4 Rxe7+ 41. Bxe7 Kxe7 42. Rb7+ Rd7 43. Rb8 Ke6 44. b4 g5 45. b5 Kf5 46. b6 Rd5 47. Rh8 Rd7 48. Rb8 h5 49. b7 h4 50. Kf3 Re7 51. Kf2 Kf4 52. Rf8 Rxb7 53. Rxf6+ Ke5 54. Ra6 Rb2+ 55. Kf3 Rb3+ 56. Kg4 Rg3+ 57. Kh5 Kf4 58. Ra5 Rxh3 59. Rxg5 Rh1 60. Rg4+ Kf3 61. Rxh4 Rxh4+ 62. Kxh4 1/2-1/2

[Event "Chess.com U20 Speed"]
[Site "Chess.com INT"]
[Date "2023.06.14"]
[Round "1.7"]
[White "Sadhwani, Raunak"]
[Black "Samadov, Read"]
[Result "1/2-1/2"]
[WhiteElo "2603"]
[BlackElo "2482"]
[PlyCount "126"]
[EventDate "2023.06.13"]
[EventType "k.o. (blitz)"]
[EventRounds "3"]
[EventCountry "USA"]
[SourceTitle "CBM 214 Extra"]
[Source "ChessBase"]
[SourceDate "2023.07.31"]
[SourceVersion "1"]
[SourceVersionDate "2023.07.31"]
[SourceQuality "1"]

1. e4 c5 2. Nc3 d6 3. f4 Nc6 4. Nf3 g6 5. Bb5 Bd7 6. 0-0 Bg7 7. d3 Nf6 8. Bxc6 Bxc6 9. Qe1 b5 10. a3 a5 11. Qh4 b4 12. Nd1 c4 13. e5 Nd7 14. exd6 Bf6 15. dxe7 Qb6+ 16. Qf2 cxd3 17. Be3 Qb7 18. cxd3 Bxe7 19. f5 0-0 20. Bh6 Rfd8 21. fxg6 hxg6 22. d4 Bxf3 23. Qxf3 Qxf3 24. Rxf3 bxa3 25. bxa3 Nb6 26. Nc3 Rac8 27. Nb5 Rd5 28. Rb1 Nc4 29. Bc1 a4 30. Rc3 Bf6 31. Rc2 Bxd4+ 32. Nxd4 Rxd4 33. Rb4 Rd1+ 34. Kf2 Nd6 35. Rxc8+ Nxc8 36. Bf4 Ne7 37. Rxa4 f6 38. Rc4 Ra1 39. a4 Kf7 40. Bd2 Ra2 41. Ke1 Ke6 42. a5 Kd5 43. Rf4 f5 44. h4 Nc6 45. h5 gxh5 46. Rxf5+ Ke4 47. Rxh5 Nd4 48. Rh4+ Kd3 49. Rh3+ Ke4 50. Re3+ Kd5 51. Rh3 Ke4 52. Bc3 Nb5 53. Bb4 Rxg2 54. a6 Ra2 55. Rh4+ Kd5 56. Rh5+ Kc4 57. Rh4+ Kb3 58. Bd2 Rxa6 59. Rb4+ Kc2 60. Rxb5 Re6+ 61. Be3 Rxe3+ 62. Kf2 Rb3 63. Rxb3 Kxb3 1/2-1/2

[Event "Chess.com U20 Speed"]
[Site "Chess.com INT"]
[Date "2023.06.14"]
[Round "1.11"]
[White "Sadhwani, Raunak"]
[Black "Samadov, Read"]
[Result "1-0"]
[WhiteElo "2603"]
[BlackElo "2482"]
[PlyCount "65"]
[EventDate "2023.06.13"]
[EventType "k.o. (blitz)"]
[EventRounds "3"]
[EventCountry "USA"]
[SourceTitle "CBM 214 Extra"]
[Source "ChessBase"]
[SourceDate "2023.07.31"]
[SourceVersion "1"]
[SourceVersionDate "2023.07.31"]
[SourceQuality "1"]

1. e4 c5 2. Nc3 d6 3. f4 g6 4. d4 cxd4 5. Qxd4 Nf6 6. Qf2 Nc6 7. Nf3 Bg7 8. Bd3 0-0 9. h3 b6 10. 0-0 Bb7 11. a3 Rc8 12. Qh4 Nd7 13. Be3 e6 14. Qf2 Nc5 15. Rad1 Nxd3 16. cxd3 Qd7 17. d4 Ne7 18. d5 exd5 19. exd5 Bxc3 20. bxc3 Bxd5 21. Nh2 Be6 22. Bd4 f6 23. Rfe1 Nf5 24. Nf3 Bd5 25. g4 Bxf3 26. Qxf3 Nxd4 27. Rxd4 Kg7 28. Red1 Rf7 29. Rxd6 Qa4 30. c4 Rxc4 31. f5 Rf4 32. Qg3 Qb4 33. axb4 1-0

[Event "Chess.com U20 Speed"]
[Site "Chess.com INT"]
[Date "2023.06.14"]
[Round "1.15"]
[White "Sadhwani, Raunak"]
[Black "Samadov, Read"]
[Result "1-0"]
[WhiteElo "2603"]
[BlackElo "2482"]
[PlyCount "101"]
[EventDate "2023.06.13"]
[EventType "k.o. (blitz)"]
[EventRounds "3"]
[EventCountry "USA"]
[SourceTitle "CBM 214 Extra"]
[Source "ChessBase"]
[SourceDate "2023.07.31"]
[SourceVersion "1"]
[SourceVersionDate "2023.07.31"]
[SourceQuality "1"]

1. e4 c5 2. Nf3 d6 3. Bb5+ Nd7 4. a4 Ngf6 5. Nc3 g6 6. a5 Bg7 7. 0-0 a6 8. Be2 0-0 9. d3 b5 10. axb6 Bb7 11. Ra2 Nxb6 12. b3 a5 13. Bb2 Bc6 14. Qa1 Qc7 15. Nd2 Rfb8 16. Rb1 e5 17. Nc4 Nxc4 18. bxc4 Rb7 19. Bc1 Rxb1 20. Nxb1 a4 21. Nc3 Qd7 22. Rb2 Ne8 23. Qa3 Nc7 24. Rb6 h5 25. Bd1 Ne6 26. Nd5 Bxd5 27. cxd5 Nf4 28. h4 Qd8 29. Rb1 Qxh4 30. g3 Qg5 31. Kf1 h4 32. gxf4 exf4 33. Bf3 h3 34. Bd2 Bd4 35. Ke2 Qh4 36. Rf1 h2 37. Be1 Rb8 38. c3 Be5 39. Bd2 Rb3 40. Qxa4 Rb2 41. d4 cxd4 42. cxd4 Bf6 43. e5 dxe5 44. dxe5 Bg7 45. d6 Qg5 46. Qe8+ Kh7 47. d7 Rb5 48. d8Q Rxe5+ 49. Kd1 Qf5 50. Qg8+ Kh6 51. Qh4+ 1-0